00603nam a22001577a 4500003000400000008004100004020001800045082001700063100002300080245008400103260005000187300001000237942001200247999001700259952016900276OSt240828b |||||||| |||| 00| 0 eng d a9788120839786 a509.954bSHA aSAHAY, Shiv Swarup aPrachin Bharatiya Vigyan aur Proddhogiki: Ancient Indian Science and Technology aDelhi:bMotilal Banarsidass Publisher,c2016. a306p. 2ddccBK c12852d12852 00102ddc40708IKSaPIETbPIETd2024-08-29eZafaa Books and DistributorsfINRg325.00kZBD0134l0o509.954 SHAp38406r2024-08-29 00:00:00v243.75w2024-08-12yBK